000
00253nam a22001097a 4500
082
_a
621.38932 GUY'D
100
_a
GUY, P. J
_9
56628
245
_a
DISC RECORDING AND REPRODUCTION
260
_a
NEWYORK
_b
FOCAL PRESS
_c
1964
300
_a
232P
942
_c
BK
999
_c
567002
_d
567002